ਬੁੱਢਾ ਤੇ ਸਮੁੰਦਰ (Record no. 1026551)

MARC details
000 -LEADER
fixed length control field 00878nam a2200253Ia 4500
003 - CONTROL NUMBER IDENTIFIER
control field OSt
005 - DATE AND TIME OF LATEST TRANSACTION
control field 20221005112943.0
008 - FIXED-LENGTH DATA ELEMENTS--GENERAL INFORMATION
fixed length control field 221004b |||||||| |||| 00| 0 eng d
020 ## - INTERNATIONAL STANDARD BOOK NUMBER
International Standard Book Number 9788175992399 (hbk)
037 ## - SOURCE OF ACQUISITION
Terms of availability Textual
040 ## - CATALOGING SOURCE
Original cataloging agency CRL
Transcribing agency CRL
Language of cataloging eng
041 ## - LANGUAGE CODE
Source of code eng
Language code of text/sound track or separate title eng
100 ## - MAIN ENTRY--PERSONAL NAME
Personal name ਹੈਮਿੰਗਵੇ, ਅਰਨੈਸਟ
245 #0 - TITLE STATEMENT
Title ਬੁੱਢਾ ਤੇ ਸਮੁੰਦਰ
260 ## - PUBLICATION, DISTRIBUTION, ETC.
Place of publication, distribution, etc. ਦਿੱਲੀ
Name of publisher, distributor, etc. ਨਵਯੁਗ ਭਾਰਤ
Date of publication, distribution, etc. 2012
300 ## - PHYSICAL DESCRIPTION
Extent 113ਪੰ
Dimensions cm.
650 ## - SUBJECT ADDED ENTRY--TOPICAL TERM
Topical term or geographic name entry element ਪੰਜਾਬੀ ਸਾਹਿਤ
942 ## - ADDED ENTRY ELEMENTS (KOHA)
Classification part O111973,3M99,OM, 153Q2
Koha item type Textual
Source of classification or shelving scheme
Holdings
Withdrawn status Lost status Damaged status Not for loan Home library Current library Date acquired Source of acquisition Cost, normal purchase price Total Checkouts Full call number Barcode Date last seen Cost, replacement price Price effective from Koha item type
        Central Library Central Library 2022-10-05 657, 22/03/2012, H.K. Prakashan 200.00   O111973,3M99,OM 153Q2 CL1432450 2022-10-05 200.00 2022-10-05 Textual
Copyright @ Delhi University Library System